| 000 | 01131nam a2200241 a 4500 | ||
|---|---|---|---|
| 001 | 54046 | ||
| 003 | BD-RjUL | ||
| 005 | 20211209080050.0 | ||
| 008 | 161101s2006 bg ||||| |||| 00| 1 ben d | ||
| 020 |
_a9644391632 _c: Tk.150.00 |
||
| 035 | _a(BD-RjUL)54168 | ||
| 040 |
_aBD-RjUL _bben _cBD-RjUL _dBD-RjUL |
||
| 041 | _aben | ||
| 082 |
_223 _a891.55308 _bAHJ 2006 |
||
| 100 |
_aআহমাদ, জালালে আলে _9161365 |
||
| 245 | 1 | 0 |
_aজালালে আলে আহমাদের নির্বাচিত ছোটগল্প / _cজালালে আলে আহমাদ, অনুবাদ : আবদুস সবুর খান |
| 260 |
_aঢাকা : _bআল হুদা আন্তর্জাতিক প্রকাশনা সংস্থা, _c২০০৬. |
||
| 300 |
_a১১৫ পৃ. : _bচিত্র ; _c২৩ সেমি. |
||
| 650 |
_aফার্সি ছোট গল্প _vসংগ্রহ _9161366 |
||
| 650 |
_aPersian Short Stories, _v, Collections _9161367 |
||
| 700 |
_aখান, আবদুস সবুর : অনুবাদ _9161371 |
||
| 942 |
_2ddc _cBK |
||
| 999 |
_c54046 _d54046 |
||